000 00398nam a2200181Ia 4500
001 7488
005 20260306160459.0
008 260306t2009||||xx |||||||||||||| ||spa||
041 _aESP
082 _a339
_bJ72
100 _aJones, Charles I.
_eAUT
245 0 _aMacroeconomĂ­a
260 _c2009
300 _a635 páginas :
_c
650 _aGEN
654 _aCAN
942 _cLIB
_dJUS
_fJUS
_2ddc
_n
999 _c7488
_d7488